Saltar al contenido

Юридико-психологические аспекты правового института компенсации морального вреда учебное пособие к курсу «юридическая психология» (для студентов, обучающихся по специальности 021100 «юриспруденция»)

Учебное пособие посвящено малоразработанным проблемам юридической психологии. В частности рассматриваются юридико- психологические аспекты в применении норм гражданско-правового института компенсации морального вреда....

Descripción completa

Guardado en:
Detalles Bibliográficos
Autor principal: Будякова Т. П.
Formato: Книга
Lenguaje:Russian
Publicado: Елец ЕГУ им. И.А. Бунина 2005
Acceso en línea:https://e.lanbook.com/book/195773
https://e.lanbook.com/img/cover/book/195773.jpg
Etiquetas: Agregar Etiqueta
Sin Etiquetas, Sea el primero en etiquetar este registro!
LEADER 01656nam0a2200253 i 4500
001 195773
003 RuSpLAN
005 20221220174141.0
008 221220s2005 ru gs 000 0 rus
040 |a RuSpLAN 
041 0 |a rus 
044 |a ru 
080 |a 159.9:34.01 
084 |a 67.5  |2 rubbk 
245 0 0 |a Юридико-психологические аспекты правового института компенсации морального вреда  |b учебное пособие к курсу «юридическая психология» (для студентов, обучающихся по специальности 021100 «юриспруденция»)  |c Будякова Т. П. 
260 |a Елец  |b ЕГУ им. И.А. Бунина  |c 2005 
300 |a 43 с. 
504 |a Библиогр.: доступна в карточке книги, на сайте ЭБС Лань 
520 8 |a Учебное пособие посвящено малоразработанным проблемам юридической психологии. В частности рассматриваются юридико- психологические аспекты в применении норм гражданско-правового института компенсации морального вреда. 
521 8 |a Книга из коллекции ЕГУ им. И.А. Бунина - Право. Юридические науки 
100 1 |a Будякова Т. П. 
856 4 |u https://e.lanbook.com/book/195773 
856 4 8 |u https://e.lanbook.com/img/cover/book/195773.jpg 
953 |a https://e.lanbook.com/img/cover/book/195773.jpg